The mantra mahodadhi of mahidhara / (Record no. 136074)

MARC details
000 -LEADER
fixed length control field 00706nam a22002297a 4500
005 - DATE AND TIME OF LATEST TRANSACTION
control field 20170124110254.0
010 ## - LIBRARY OF CONGRESS CONTROL NUMBER
LC control number B-063364
020 ## - INTERNATIONAL STANDARD BOOK NUMBER
Terms of availability 00.00
International Standard Book Number 8170300509
035 ## - SYSTEM CONTROL NUMBER
System control number B-063364
037 ## - SOURCE OF ACQUISITION
Source of stock number/acquisition Cen Lib/Ret
040 ## - CATALOGING SOURCE
Original cataloging agency DPL
Language of cataloging EN
082 ## - DEWEY DECIMAL CLASSIFICATION NUMBER
Classification number 230.23
Item number MAN
245 ## - TITLE STATEMENT
Title The mantra mahodadhi of mahidhara /
Remainder of title English translation by a Board of Scholars
250 ## - EDITION STATEMENT
Edition statement 3rd rev. ed.
260 ## - PUBLICATION, DISTRIBUTION, ETC. (IMPRINT)
Place of publication, distribution, etc Delhi
Name of publisher, distributor, etc Indian Books Centre
Date of publication, distribution, etc 2002
270 ## - ADDRESS
City Delhi
Address 40/5, Shakti Nagar
Postal code 110007
300 ## - PHYSICAL DESCRIPTION
Extent various pagings
Dimensions 20cm(pbk)
490 ## - SERIES STATEMENT
Series statement Sri Garib Das Oriental Series
Volume number/sequential designation 12
650 ## - SUBJECT ADDED ENTRY--TOPICAL TERM
Topical term or geographic name as entry element Tantrism -- Liturgy.
9 (RLIN) 104364
650 ## - SUBJECT ADDED ENTRY--TOPICAL TERM
Topical term or geographic name as entry element Mantras.
9 (RLIN) 104365
942 ## - ADDED ENTRY ELEMENTS (KOHA)
Source of classification or shelving scheme Dewey Decimal Classification
Koha item type English Books
Classification part 230.23
Call number suffix MAN
Holdings
Withdrawn status Lost status Damaged status Not for loan Home library Current library Date acquired Source of acquisition Cost, normal purchase price Total Checkouts Full call number Barcode Date last seen Copy number Cost, replacement price Price effective from Koha item type
        Central Library Central Library 13/10/2015 Cen Lib/Ret 0.00   230.23 MAN B-063364 13/10/2015 1 0.00 13/10/2015 English Books

© Delhi Public Library
Hit Counter
free hit counter